Faculty of Law Library — Cairo University

Official Online Catalog

القانون الجنائي الضريبي. (Record no. 44948)

MARC details
000 -LEADER
fixed length control field 01383nam a2200325 i 4500
003 - CONTROL NUMBER IDENTIFIER
control field EG-GICUC
005 - DATE AND TIME OF LATEST TRANSACTION
control field 20260121101325.0
008 - FIXED-LENGTH DATA ELEMENTS--GENERAL INFORMATION
fixed length control field 251120k20052006ua ||||fr|||| 001 0 ara d
040 ## - CATALOGING SOURCE
Original cataloging agency EG-GICUC
Language of cataloging ara
Transcribing agency EG-GICUC
Modifying agency EG-GICUC
Description conventions rda
041 ## - LANGUAGE CODE
Language code of text/sound track or separate title ara
082 04 - DEWEY DECIMAL CLASSIFICATION NUMBER
Classification number 343.413
Item number ح س . ق
Edition number 21
092 04 - LOCALLY ASSIGNED DEWEY CALL NUMBER (OCLC)
Edition number 21
099 ## - LOCAL FREE-TEXT CALL NUMBER (OCLC)
Classification number Law1 10 343.413 ح س . ق 1 ed - 2006 1006866
100 0# - MAIN ENTRY--PERSONAL NAME
Personal name حسني الجندي.
Relator term مؤلف.
245 12 - TITLE STATEMENT
Title القانون الجنائي الضريبي.
Number of part/section of a work الجزء الأول،
Name of part/section of a work شرح الأحكام العامة الموضوعية والإجرائية في القانون رقم 91 لسنة 2005 بشأن الضريبة على الدخل /
Statement of responsibility, etc. الدكتور حسني الجندي.
250 ## - EDITION STATEMENT
Edition statement الطبعة الأولى
264 #1 - PRODUCTION, PUBLICATION, DISTRIBUTION, MANUFACTURE, AND COPYRIGHT NOTICE
Place of production, publication, distribution, manufacture القاهرة :
Name of producer, publisher, distributor, manufacturer دار النهضة العربية،
Date of production, publication, distribution, manufacture, or copyright notice 2006.
300 ## - PHYSICAL DESCRIPTION
Extent 312 صفحة ؛
Dimensions 24 سم.
336 ## - CONTENT TYPE
Source rda content
Content type term text
337 ## - MEDIA TYPE
Source rda media
Media type term Computer
338 ## - CARRIER TYPE
Source rda carrier
Carrier type term Online Resource
504 ## - BIBLIOGRAPHY, ETC. NOTE
Bibliography, etc. note يشتمل على ارجاعات ببليوجرافية.
546 ## - LANGUAGE NOTE
Language note النص باللغة العربية
650 1# - SUBJECT ADDED ENTRY--TOPICAL TERM
Topical term or geographic name entry element قانون العقوبات الضريبي.
Source of heading or term qrmak
650 1# - SUBJECT ADDED ENTRY--TOPICAL TERM
Topical term or geographic name entry element التشريعات الجنائية الخاصة.
Source of heading or term qrmak
651 1# - SUBJECT ADDED ENTRY--GEOGRAPHIC NAME
Source of heading or term qrmak
856 40 - ELECTRONIC LOCATION AND ACCESS
Uniform Resource Identifier <a href="https://fll.law.cu.edu.eg/fulltext/bks/B10-06866.pdf">https://fll.law.cu.edu.eg/fulltext/bks/B10-06866.pdf</a>
905 ## - Cataloger and Reviser Names
Cataloger Name: Ramy
942 ## - ADDED ENTRY ELEMENTS (KOHA)
Source of classification or shelving scheme Dewey Decimal Classification
Suppress in OPAC No
Koha item type Books
Edition 21
Holdings
Withdrawn status Lost status Source of classification or shelving scheme Damaged status Not for loan Collection Home library Current library Date acquired Total checkouts Full call number Barcode Date last seen Copy number Price effective from Koha item type
    Dewey Decimal Classification   Not for loan القانون التجاري جــــامعة القــاهرة مكتبة كلية الحقوق - المبنى الرئيسي 20.11.2025   Law1 10 343.413 ح س . ق 1 ed - 2006 1006866 V1, C1 B10-06866 20.11.2025 1 20.11.2025 Books
    Dewey Decimal Classification     القانون الجنائي جــــامعة القــاهرة مكتبة كلية الحقوق - المبنى الرئيسي 23.11.2025   Law1 10 343.413 ح س . ق 1 ed - 2006 1006094 V1, C2 B10-06094 23.11.2025 2 23.11.2025 Books
    Dewey Decimal Classification     القانون الجنائي جــــامعة القــاهرة مكتبة كلية الحقوق - فـرع الشيخ زايد 23.11.2025   Law2 10 343.413 ح س . ق 1 ed - 2006 1006095 V1, C3 B10-06095 23.11.2025 3 23.11.2025 Books

© All rights reserved — Faculty of Law, Cairo University